000 00312nam a2200121Ia 4500
008 220216s9999 xx 000 0 und d
100 _aMathew K J
245 0 _aEmerging trends in global rubber industry
260 _bIndian Rubber Journal
_c1998
300 _a136-139
650 _aRubber industry
942 _cJS
999 _c58574
_d58574